| 000 | 00000nam##2200000za#4500 |
| 001 | 9.574200 |
| 003 | CaOODSP |
| 005 | 20210624184052 |
| 007 | cr ||||||||||| |
| 008 | 150406|2006||||xxc|||||o f|0| 0 eng|d |
| 022 | |a1488-5379 |
| 040 | |aCaOODSP|beng |
| 043 | |an-cn--- |
| 086 | 1 |aFs97-6/2623E-PDF |
| 110 | 1 |aCanada. |bDepartment of Fisheries and Oceans. |
| 245 | 10|aHook and line survey of lingcod (Ophiodon elongatus) and rockfish (Sebastes spp.) in Southern Strait of Georgia (statistical areas 18 and 19) June 19-29, 2005 / |h[electronic resource]|cby D. R. Haggarty and J. R. King. |
| 260 | |aBurlington - Ontario : |bFisheries and Oceans Canada |c2006. |
| 300 | |a54p.|bgraphs, maps, references, tables |
| 490 | 1 |aCanadian technical report of fisheries and aquatic sciences|x1488-5379|v2623 |
| 500 | |aThe catalogue number (Fs 97-4/2623E) and ISSN (0706-6473) for the print edition have been incorrectly copied in this electronic publication. |
| 546 | |a(Résumé en français) |
| 590 | |a12-26-Supp|b2012-06-07 |
| 690 | 07|aFish|2gcpds |
| 690 | 07|aFisheries resources|2gcpds |
| 690 | 07|aFreshwater fish|2gcpds |
| 720 | 1 |aHaggarty, D. R. |
| 720 | 1 |aKing, J. R. |
| 776 | 0#|tHook and line survey of lingcod (Ophiodon elongatus) and rockfish (Sebastes spp.) in southern Strait of Georgia (statistical areas 18 and 19) June 19-29, 2005 / |w(CaOODSP)9.617866 |
| 830 | #0|aCanadian technical report of fisheries and aquatic sciences,|x1488-5379|v2623|w(CaOODSP)9.504449 |
| 856 | 40|ahttp://publications.gc.ca|qPDF|s740 KB|uhttps://publications.gc.ca/collections/collection_2012/mpo-dfo/Fs97-6-2623-eng.pdf|y2623 |